| 000 | nam a22 a 4500 | ||
|---|---|---|---|
| 999 |
_c3871 _d3871 |
||
| 003 | AKMAL | ||
| 005 | 20170524114319.0 | ||
| 008 | 170524s1993 my a00 may d | ||
| 020 |
_a9836235396 (kkt.): _cRM6.50 |
||
| 040 |
_aAKMAL _cAKMAL |
||
| 049 | _abgkmal | ||
| 082 | 0 | 4 | _a899.233010803 AMA |
| 090 | 0 | 0 |
_a899.233010803 _bAMA |
| 090 | 2 | 0 | _bAMA |
| 245 |
_aAmanda Balqis / _cdiselenggarakan oleh Othman Puteh |
||
| 260 |
_aKuala Lumpur : _bDewan Bahasa dan Pustaka, _c1993 |
||
| 300 |
_axii, 204ms. ; _c18cm |
||
| 650 |
_aYoung adult fiction, Malay _97648 |
||
| 650 |
_aMalay fiction _92141 |
||
| 700 | 0 |
_aOthman Puteh, _d1944-2003 _97649 |
|
| 942 |
_2ddc _cBOOK |
||